Škálovanie : Základné jednodimenziálne metódy

Na minha lista:
Detalhes bibliográficos
Main Authors: Schenk, Juraj (Author), Hrabovská, Anna (Author)
Formato: Livro
Idioma:eslovaco
Publicado em: Bratislava : Univerzita Komenského, 2010
Assuntos:
Tags: Adicionar Tag
Sem tags, seja o primeiro a adicionar uma tag!

MARC

LEADER 00000nam a22000003a 4500
001 stu244093
005 20150617230152.2
008 120305s2010----xo------------------slo-d
020 |a 978-80-223-2711-4 
040 |a STU  |b slo 
041 0 |a slo 
044 |a xo 
100 1 |a Schenk, Juraj  |4 aut 
245 1 |a Škálovanie :  |b Základné jednodimenziálne metódy 
260 |a Bratislava :  |b Univerzita Komenského,  |c 2010 
300 |a 214 s 
650 7 |a škálovanie  |2 stusub 
650 7 |a metódy škálovania  |2 stusub 
650 7 |a sociologický výskum  |2 stusub 
700 1 |a Hrabovská, Anna  |4 aut 
996 |b I6308  |c I*8M6308  |l II680  |s A  |a 24  |w stu244093_0001